Представление документа в формате RUSMARC

ПолеНазваниеЗначение
  Тип записи a
  Библиографический уровень m
001 Контрольный номер e489a16631ac4c4b808958b9d8f9d9d6
005 Дата корректировки 20150924113811.9
010 Индекс ISBN __
a ISBN 978-5-369-01365-6
010 Индекс ISBN __
a ISBN 978-5-16-010012-8
010 Индекс ISBN __
a ISBN 978-5-16-101684-8
101 Язык документа 0_
a Язык текста rus
102 Страна публикации __
a Страна публикации RU
200 Заглавие и сведения об ответственности 1_
a Заглавие Кооперативное предпринимательство как институт социального развития
b Общее обозначение материала Текст
e Сведения, относящиеся к заглавию монография
f Первые сведения об ответственности В.В. Трошихин, Е.В. Матузенко, Л.И. Нестерова
210 Выходные данные 1_
a Место издания Москва
c Издательство РИОР
c Издательство ИНФРА-М
d Дата издания 2014
215 Физическое описание __
a Объем 511, [1] с.
225 Серия 2_
a Серия Научная мысль
610 Ключевые слова 0_
a Ключевые слова кооперация
610 Ключевые слова 0_
a Ключевые слова предпринимательская деятельность
610 Ключевые слова 0_
a Ключевые слова кооперативное предпринимательство
686 Индексы других классификаций __
a Классификационный индекс 65.9(2)08
686 Индексы других классификаций __
a Классификационный индекс 65.9(2)09
686 Индексы других классификаций __
a Классификационный индекс 65.26
700 Автор _1
a Фамилия Трошихин
b Имя В. В.
701 Альтернативная интеллектуальная ответственность _1
a Фамилия Матузенко
b Имя Е. В.
e Роль лиц Автор
4 Код отношения 070
701 Альтернативная интеллектуальная ответственность _1
a Фамилия Нестерова
b Имя Л. И.
e Роль лиц Автор
4 Код отношения 070
801 Источник записи _0
a Страна RU
b Организация РУК
c Дата составления 20150706
g Правила каталогизации PSBO
801 Источник записи _1
a Страна RU
b Организация РУК
g Правила каталогизации PSBO
852 Данные о местонахождении __
i Авторский знак Т 76
j Шифр хранения ББК 65.9(2)08
901 Тип документа __
t Тип документа m
937 Технологическая информация __
a Создатель записи (имя) Золотухина
938 Служебная информация __
a Название организации Головной вуз
938 Служебная информация __
a Название организации Владимирский филиал
952 Тип литературы __
c Вид литературы монография